00283nam a2200109Ia 4500008004100000041000800041082001200049100001200061245004100073260005000114300000900164220803s9999 xx 000 0 und d aeng a823 DAR aDarda R aLokmat : Icons Education Maharashtra b"Ajeenkya : D Y Patil University, Pune"c2016 a325p